Devotional poets of the XVII century /

Bibliographic Details
Other Authors: Newbolt, Henry John, Sir, 1862-1938
Format: Book
Language:English
Published: London : Thomas Nelson & Sons LTD, [1929?]
Subjects:

MARC

Tag First Indicator Second Indicator Subfields
LEADER 00000cam a2200000 4500
001 in00000022797
005 20151007064137.0
008 720717s1929 enkc 000 0 eng u
035 |a (OCoLC)00358268 
035 |9 AAD9158AM 
040 |c WSU  |d TXA  |d UtOrBLW 
049 |a TXAM  |c [211447] 
090 |a PR1209  |b .D48 1929 
092 |a 821.08  |b D513 
245 0 0 |a Devotional poets of the XVII century /  |c with an introduction by Sir Henry Newbolt. 
246 3 |a Devotional poets of the 17th century 
246 3 |a Devotional poets of the seventeenth century 
264 1 |a London :  |b Thomas Nelson & Sons LTD,  |c [1929?] 
300 |a xxi, 293 pages :  |b portrait ;  |c 16 cm. 
336 |a text  |b txt  |2 rdacontent 
337 |a unmediated  |b n  |2 rdamedia 
338 |a volume  |b nc  |2 rdacarrier 
650 0 |a English poetry  |y Early modern, 1500-1700. 
650 0 |a Religious poetry, English. 
700 1 |a Newbolt, Henry John,  |c Sir,  |d 1862-1938. 
999 |a MARS 
999 f f |s e181d1b1-3b47-3de1-8da6-b9f6e18c6c83  |i 0bc8a363-9f49-3f99-bfde-2a82cf43ef9e  |t 0 
952 f f |p ric  |a Texas A&M University  |b Rellis Campus  |c Joint Library Facility  |d Remote Storage  |t 0  |e PR1209 .D48 1929  |h Library of Congress classification  |i unmediated -- volume  |m A14801290914 
998 f f |a PR1209 .D48 1929  |t 0  |l Remote Storage